| 000 -LEADER |
| fixed length control field |
01422nam a22004337a 4500 |
| 001 - CONTROL NUMBER |
| control field |
904420874 |
| 003 - CONTROL NUMBER IDENTIFIER |
| control field |
OCoLC |
| 005 - DATE AND TIME OF LATEST TRANSACTION |
| control field |
20210419062611.0 |
| 008 - FIXED-LENGTH DATA ELEMENTS--GENERAL INFORMATION |
| fixed length control field |
150305q2016 pau 000 0 eng d |
| 020 ## - INTERNATIONAL STANDARD BOOK NUMBER |
| International Standard Book Number |
1451193432 |
| 020 ## - INTERNATIONAL STANDARD BOOK NUMBER |
| International Standard Book Number |
9781451193435 |
| 035 ## - SYSTEM CONTROL NUMBER |
| System control number |
(OCoLC)904420874 |
| 040 ## - CATALOGING SOURCE |
| Original cataloging agency |
YDXCP |
| Language of cataloging |
eng |
| Transcribing agency |
YDXCP |
| 049 ## - LOCAL HOLDINGS (OCLC) |
| Holding library |
YYEA |
| 080 ## - UNIVERSAL DECIMAL CLASSIFICATION NUMBER |
| Universal Decimal Classification number |
616.8 |
| Item number |
G-69 |
| 096 ## - LOCALLY ASSIGNED NLM-TYPE CALL NUMBER (OCLC) |
| Classification number |
WL 18.2 G696h 2016 |
| 100 1# - MAIN ENTRY--PERSONAL NAME |
| Personal name |
Gould, Douglas J. |
| 245 10 - TITLE STATEMENT |
| Title |
High-yield neuroanatomy / |
| Statement of responsibility, etc. |
Douglas J. Gould, Jennifer K. Brueckner-Collins. |
| 246 3# - VARYING FORM OF TITLE |
| Title proper/short title |
High yield neuroanatomy. |
| 246 30 - VARYING FORM OF TITLE |
| Title proper/short title |
Neuroanatomy. |
| 250 ## - EDITION STATEMENT |
| Edition statement |
5th ed. |
| 260 ## - PUBLICATION, DISTRIBUTION, ETC. |
| Place of publication, distribution, etc. |
Philadelphia : |
| Name of publisher, distributor, etc. |
Wolters Kluwer, |
| Date of publication, distribution, etc. |
c2016. |
| 300 ## - PHYSICAL DESCRIPTION |
| Extent |
xii, 188 p. : |
| Other physical details |
ill. ; |
| Dimensions |
26 cm. |
| 365 ## - TRADE PRICE |
| Price amount |
14.55 usd |
| 490 1# - SERIES STATEMENT |
| Series statement |
High-yield series. |
| 500 ## - GENERAL NOTE |
| General note |
"Author of first-fourth editions: James D. Fix, PhD (1931-2010)." |
| 504 ## - BIBLIOGRAPHY, ETC. NOTE |
| Bibliography, etc. note |
Includes index. |
| 590 ## - LOCAL NOTE (RLIN) |
| Local note |
c.1 10069598 Ritt 9/16/15 $35.99. |
| 650 #2 - SUBJECT ADDED ENTRY--TOPICAL TERM |
| Topical term or geographic name entry element |
Nervous System |
| General subdivision |
anatomy & histology |
| Form subdivision |
Examination Questions. |
| 650 #2 - SUBJECT ADDED ENTRY--TOPICAL TERM |
| Topical term or geographic name entry element |
Nervous System |
| General subdivision |
anatomy & histology |
| Form subdivision |
Outlines. |
| 650 #2 - SUBJECT ADDED ENTRY--TOPICAL TERM |
| Topical term or geographic name entry element |
Nervous System Diseases |
| Form subdivision |
Examination Questions. |
| 650 #2 - SUBJECT ADDED ENTRY--TOPICAL TERM |
| Topical term or geographic name entry element |
Nervous System Diseases |
| Form subdivision |
Outlines. |
| 653 ## - INDEX TERM--UNCONTROLLED |
| Uncontrolled term |
ნევროანატომია |
| 653 ## - INDEX TERM--UNCONTROLLED |
| Uncontrolled term |
ნევროლოგია |
| 700 1# - ADDED ENTRY--PERSONAL NAME |
| Personal name |
Brueckner, Jennifer K., |
| Dates associated with a name |
1970- |
| 700 1# - ADDED ENTRY--PERSONAL NAME |
| Personal name |
Fix, James D. |
| 830 #0 - SERIES ADDED ENTRY--UNIFORM TITLE |
| Uniform title |
High-yield series. |
| 942 ## - ADDED ENTRY ELEMENTS (KOHA) |
| Source of classification or shelving scheme |
|
| Koha item type |
Books |